The Khedive Ismail and Slavery in the Sudan (1863-1879) /
محفوظ في:
المؤلف الرئيسي:
التنسيق: أطروحة كتاب
اللغة:
English
French
منشور في:
Cairo :
Librairie La Renaissance d'Egypte,
1938.
الموضوعات:
الوسوم: إضافة وسم
لا توجد وسوم, كن أول من يضع وسما على هذه التسجيلة!
رقم الطلب: DT106 .S5 1938
| LEADER | 01771namaa2200409 4500 | ||
|---|---|---|---|
| 001 | 7682 | ||
| 003 | OSt | ||
| 005 | 20200712072010.0 | ||
| 008 | 130303s1937 ua fb e b 001 0 eng d | ||
| 952 | |0 0 |1 0 |2 lcc |4 0 |6 DT0106 S5 01938 |7 1 |9 3774 |a ARCE |b ARCE |d 2020-07-12 |l 0 |o DT106 .S5 1938 |p 1001994 |r 2020-07-12 00:00:00 |w 2020-07-12 |y BK | ||
| 999 | |c 6650 |d 6650 | ||
| 010 | |a 49030598 | ||
| 040 | |c ARCE Library | ||
| 041 | 0 | |a eng |a fre | |
| 043 | |a f-ua--- |a f-sj--- | ||
| 050 | 0 | 4 | |a DT106 .S5 1938 |
| 100 | 1 | |6 880-01 |a Shukrī, Muḥammad Fuʾād, |e author | |
| 245 | 1 | 4 | |a The Khedive Ismail and Slavery in the Sudan (1863-1879) / |c M.F. Shukry. |
| 264 | 1 | |a Cairo : |b Librairie La Renaissance d'Egypte, |c 1938. | |
| 300 | |a x, 322, 64 pages, [4] folded leaves of plates : |b maps ; |c 26 cm. | ||
| 336 | |a text |b txt |2 rdacontent | ||
| 337 | |a unmediated |b n |2 rdamedia | ||
| 338 | |a volume |b nc |2 rdacarrier | ||
| 500 | |a "A history of the Sudan from the Egyptian Conquest of 1820 to the outbreak of the Mahdiist Rebellion in 1881, with special reference to British policy and the work of Sir Samuel Baker and Charles George Gordon." | ||
| 502 | |a Thesis (Ph. D.)--University of Liverpool, 1935. | ||
| 504 | |a Includes bibliographical references (pages 34-57) and index. | ||
| 546 | |a Includes texts of documents in French. | ||
| 651 | 0 | |a Egypt |x History |y 19th century. | |
| 651 | 0 | |a Egypt |x History |y Ismail, 1863-1879. | |
| 651 | 0 | |a Sudan |x History |y 1821-1881. | |
| 880 | 1 | |6 100-01/(3/r |a شكري، محمد فؤاد، | |
| 901 | |a reviewed | ||
| 907 | |a .b24419266 |b 02-04-08 |c 01-30-08 | ||
| 942 | |c BK |2 lcc | ||
| 945 | |a DT106 .S5 1938 |g 1 |i mq242467 |l 1arce |o z |p $0.00 |q |r |s w |t 0 |u 0 |v 0 |w 0 |x 0 |y .i3149545x |z 02-04-08 | ||
| 949 | |a DT106 .S5 1938 |c arcesim | ||
| 998 | |b 01-30-08 |c m |d - |i 1 | ||
